000 01035cam a22003135i 4500
005 20230403162048.0
008 230403s2017 enk 000 0 eng d
020 _a9780414058019
041 _aeng
245 0 0 _aJCT : constructing excellence contract 2016.
_bCE 2016
264 1 _aLondon :
_bThomson Reuters (Professional) UK Limited,
_c2017.
264 4 _c©2017
300 _aii, 67 pages ;
_c30 cm
336 _atext
_2rdacontent
337 _aunmediated
_2rdamedia
338 _avolume
_2rdacarrier
490 _aJCT Contracts 2016
500 _aTitle from cover.
500 _a"CE 2016"--Cover.
650 0 _aConstruction contracts
_zGreat Britain.
650 0 _aBuilding
_xSuperintendence
_zGreat Britain.
650 0 _aConstruction industry
_xSubcontracting
_zGreat Britain.
650 0 _aStandardized terms of contract
_zGreat Britain.
650 0 _aBuildings
_zGreat Britain.
651 _aUnited Kingdom
710 2 _aJoint Contracts Tribunal,
_eauthor.
942 _n0
999 _c121427
_d121427